000 00466nam a2200181Ia 4500
005 20250317123317.0
008 008 250317s9999 xx 000 0 eng d
037 _aTextbook
040 _aFMSL
_beng
_cFMSL
041 _aeng
_2eng
084 _qFMSL
100 _aLockyer K G
245 0 _aIntroduction to critical path analysis
260 _aLondon
_bLondon, Pitman
_c1968
300 _a219p
942 _cTB
999 _c1250756
_d1250756